[Event "Druzynowe Mistrzostwa Polski w Szachach I LIGA 2021"]
[Site "Szklarska Poreba"]
[Date "1899-12-30"]
[Round "6.14"]
[White "Brodowski, Piotr"]
[Black "Nowak, Mikolaj"]
[Result "1-0"]
[WhiteTitle "IM"]
[BlackTitle "k++"]
[WhiteElo "2439"]
[BlackElo "2310"]

1. d4 Nf6 2. c4 e6 3. Nc3 d5 4. Bg5 Be7 5. e3 h6 6. Bh4 Ne4 7. Bxe7 Qxe7 8. Nxe4
dxe4 9. Ne2 b6 10. Nc3 Bb7 11. Qa4+ Nd7 12. c5 bxc5 13. Bb5 cxd4 14. Qxd4 f5 15.
O-O-O c6 16. Bc4 Nf6 17. g4 Nxg4 18. Bxe6 Bc8 19. Bb3 Nxf2 20. Rhg1 Qf6 21. Rxg7
Qxd4 22. Rxd4 Nd3+ 23. Kc2 Nc5 24. Rd6 Nxb3 25. Kxb3 Rb8+ 26. Ka3 Rb7 27. Rxc6
Kd8 28. Rgg6 h5 29. Nd5 Rd7 30. Nf4 Rd2 31. h4 a5 32. Rg7 a4 33. Rb6 Rd7 34. Rg2
Rd1 35. Rc2 Re8 36. Rb8 Kd7 37. Nxh5 Rd3+ 38. Kxa4 Rh8 39. Nf4 Rxe3 40. Nd5 Ke6
41. Rbxc8 Rxc8 42. Nxe3 Ra8+ 43. Kb3 f4 44. Rc4 Ke5 45. Ng4+ Kf5 46. Nh6+ Ke5
47. Nf7+ Kd5 48. Ng5 Rb8+ 49. Kc3 Rxb2 50. Rd4+ 1-0

[Event "Druzynowe Mistrzostwa Polski w Szachach I LIGA 2021"]
[Site "Szklarska Poreba"]
[Date "1899-12-30"]
[Round "6.15"]
[White "Tomaszewski, Kacper"]
[Black "Luch, Michal"]
[Result "1/2-1/2"]
[WhiteTitle "FM"]
[BlackTitle "IM"]
[WhiteElo "2302"]
[BlackElo "2383"]

1. d4 d5 2. c4 e6 3. Nc3 Nf6 4. Nf3 c5 5. cxd5 Nxd5 6. e4 Nxc3 7. bxc3 cxd4 8.
cxd4 Bb4+ 9. Bd2 Bxd2+ 10. Qxd2 O-O 11. Bc4 Nd7 12. O-O b6 13. Rfe1 Bb7 14. d5
Nc5 15. Rad1 Qf6 16. Qd4 Qxd4 17. Nxd4 e5 18. Nf5 Rfd8 19. g3 g6 20. Nh6+ Kg7
21. Ng4 Re8 22. f4 exf4 23. e5 fxg3 24. hxg3 Ba6 25. Bxa6 Nxa6 26. Nf6 Re7 27.
d6 Re6 28. Nd5 g5 29. Nc7 Nxc7 30. dxc7 Rc8 31. Rd7 Kf8 32. Rf1 Re7 33. Rd8+ Re8
34. Rd7 Re7 35. Rd8+ Re8 1/2-1/2

[Event "Druzynowe Mistrzostwa Polski w Szachach I LIGA 2021"]
[Site "Szklarska Poreba"]
[Date "1899-12-30"]
[Round "6.16"]
[White "Butkiewicz, Lukasz"]
[Black "Koziol, Kamil"]
[Result "1/2-1/2"]
[WhiteTitle "IM"]
[BlackTitle "FM"]
[WhiteElo "2378"]
[BlackElo "2276"]

1. d4 d5 2. c4 e6 3. Nf3 Nf6 4. Nc3 Bb4 5. cxd5 exd5 6. Bf4 O-O 7. Rc1 c6 8. e3
Ne4 9. Bd3 Nxc3 10. bxc3 Bd6 11. Bxd6 Qxd6 12. O-O b6 13. Qc2 g6 14. c4 dxc4 15.
Bxc4 Bb7 16. e4 Na6 17. e5 Qe7 18. Qd2 Kg7 19. Rfe1 Nc7 20. Ng5 Rad8 21. Ne4 Ne8
22. f4 Qd7 23. Red1 h6 24. Bb3 f5 25. Nc3 Nc7 26. Qe3 Qe7 27. Rd2 Rd7 28. Rcd1
Rfd8 29. h3 h5 30. Kh2 Kh7 31. Qf2 Qb4 32. Qg3 Qe7 33. Qe3 Qb4 34. e6 Re7 35.
d5 cxd5 36. Nxd5 Bxd5 37. Bxd5 Rde8 38. Qe5 Nxe6 39. Bxe6 1/2-1/2

[Event "Druzynowe Mistrzostwa Polski w Szachach I LIGA 2021"]
[Site "Szklarska Poreba"]
[Date "1899-12-30"]
[Round "6.17"]
[White "Kucharska, Honorata"]
[Black "Bronowicki, Mateusz"]
[Result "1/2-1/2"]
[WhiteTitle "WFM"]
[BlackTitle "FM"]
[WhiteElo "2172"]
[BlackElo "2197"]

1. e4 e6 2. d4 d5 3. Nd2 c5 4. exd5 Qxd5 5. Ngf3 cxd4 6. Bc4 Qd6 7. O-O Nf6 8.
Nb3 Nc6 9. Nbxd4 Nxd4 10. Nxd4 a6 11. c3 Qc7 12. Qe2 Bd6 13. h3 O-O 14. Bb3 1/2-1/2

[Event "Druzynowe Mistrzostwa Polski w Szachach I LIGA 2021"]
[Site "Szklarska Poreba"]
[Date "1899-12-30"]
[Round "6.18"]
[White "Rudnicka, Ewa"]
[Black "Kroliczek, Gabriela"]
[Result "1-0"]
[WhiteTitle "WFM"]
[BlackTitle "k"]
[WhiteElo "2147"]
[BlackElo "1889"]

1. d4 Nf6 2. Nf3 g6 3. Bg5 Bg7 4. e3 O-O 5. Be2 c5 6. c3 b6 7. O-O Bb7 8. Nbd2
d6 9. h3 Nbd7 10. a4 a6 11. Qb3 Qc7 12. Rfd1 Rac8 13. Bh4 Qb8 14. Ne1 Rc7 15.
Bf3 Rfc8 16. dxc5 Nxc5 17. Qa2 Nfe4 18. Nxe4 Nxe4 19. Nd3 e6 20. Nf4 Re8 21. Bxe4
Bxe4 22. Rxd6 Rc5 23. Rd4 Ba8 24. Bg3 Bxd4 25. cxd4 Rf5 26. Nxg6 Qb7 27. Nh4 Rc8
28. b3 Rh5 29. f3 Rc3 30. Qf2 Qe7 31. Rb1 Bd5 32. b4 Bb7 33. Kh2 Rc4 34. b5 Rxa4
35. bxa6 Rxa6 36. Rc1 Bd5 37. Rc8+ Kg7 38. Be5+ Rxe5 39. dxe5 Ra8 40. Qg3+ Kh6
41. Rxa8 Bxa8 42. Qf4+ Kg7 43. Qg4+ Kh8 44. Qa4 Bd5 45. g3 Qd8 46. e4 Bb7 47.
Ng2 Kg7 48. Qb4 Qc7 49. Qd6 Qxd6 50. exd6 Bc6 51. e5 Kf8 52. f4 b5 53. Ne3 Be4
54. Nd1 b4 55. Kg1 Ke8 56. Kf2 Kd7 57. Ke3 Bd5 58. Kd4 Kc6 59. Ne3 Bb3 60. Nc4
Ba4 61. Nb2 Bb3 62. Nd3 Bd1 63. Nxb4+ Kd7 64. Kc5 h5 65. h4 Bb3 66. Na6 Kc8 67.
Kb6 Bd1 68. Nc5 Bf3 69. Nb3 Be4 70. Kc5 Kd7 71. Nd2 Bc2 72. Kd4 Kd8 73. Ne4 Bd1
74. Nf2 Bc2 75. g4 Bg6 76. gxh5 Bxh5 77. Ne4 Bg6 78. Nf6 1-0

[Event "Druzynowe Mistrzostwa Polski w Szachach I LIGA 2021"]
[Site "Szklarska Poreba"]
[Date "1899-12-30"]
[Round "6.19"]
[White "Kosakowski, Jakub"]
[Black "Kowalski, Igor"]
[Result "1/2-1/2"]
[WhiteTitle "IM"]
[BlackTitle "FM"]
[WhiteElo "2445"]
[BlackElo "2378"]

1. e4 e6 2. d4 d5 3. Nc3 Bb4 4. e5 Ne7 5. a3 Bxc3+ 6. bxc3 c5 7. Qg4 Qc7 8. Qxg7
Rg8 9. Qxh7 cxd4 10. Ne2 Nbc6 11. f4 dxc3 12. h4 Bd7 13. h5 O-O-O 14. Qd3 Nf5
15. Rg1 Qb6 16. g4 Nfd4 17. Rg3 Nxe2 18. Bxe2 d4 19. h6 Ne7 20. a4 Nd5 21. a5
Qb4 22. Ba3 Qa4 23. Qc4+ Qxc4 24. Bxc4 Nxf4 25. Be7 Rde8 26. Bf6 Rg6 27. h7 Rh6
28. h8=Q Rexh8 29. Bxh8 Rh1+ 30. Bf1 Rxh8 31. Rd1 Ng6 32. Rxd4 Nxe5 33. Rxc3+
Bc6 34. Bg2 a6 35. Rf4 Rh7 36. Rc5 Kd7 37. Rxe5 Bxg2 38. Rh5 Rg7 39. Kf2 Bc6 40.
Ke3 Kd6 41. c4 e5 42. Rf6+ Ke7 43. Rfh6 Rxg4 44. Rxe5+ Kd7 45. Kd3 Rf4 46. Kc3
f6 47. Reh5 Kd6 48. Rh8 Rf1 49. Rd8+ Ke6 50. Kb4 f5 51. Kc5 Be4 52. Rh4 Ra1 53.
Kb6 Rb1+ 54. Kc7 Ke5 55. Rh7 Rc1 56. Re7+ Kf4 57. Rxe4+ fxe4 58. Kxb7 Rxc4 1/2-1/2

[Event "Druzynowe Mistrzostwa Polski w Szachach I LIGA 2021"]
[Site "Szklarska Poreba"]
[Date "1899-12-30"]
[Round "6.20"]
[White "Sanz, Wawer Daniel"]
[Black "Pacan-milej, Kosma"]
[Result "0-1"]
[WhiteTitle "FM"]
[BlackTitle "FM"]
[WhiteElo "2359"]
[BlackElo "2401"]

1. Nf3 Nf6 2. d4 g6 3. Bf4 Bg7 4. e3 O-O 5. Be2 d6 6. h3 Nbd7 7. O-O b6 8. c4 Bb7
9. Nc3 Ne4 10. Nxe4 Bxe4 11. Nd2 Bb7 12. Bf3 Bxf3 13. Nxf3 c5 14. Qd2 Qc7 15.
Rac1 Qb7 16. Rfe1 Rfe8 17. d5 b5 18. cxb5 Qxb5 19. b3 a5 20. e4 a4 21. bxa4 Qxa4
22. Rc2 Nf6 23. Qc1 Reb8 24. Bh2 Bh6 25. Qd1 Nxe4 26. Qd3 f5 27. g4 Qa3 28. Qe2
Rb4 29. gxf5 Rf8 30. Rc4 Rxc4 31. Qxc4 gxf5 32. Qe2 Kh8 33. Kh1 Rg8 34. Ng1 Bd2
35. Rf1 Bg5 36. f3 Nc3 37. Qd3 Qxa2 0-1

[Event "Druzynowe Mistrzostwa Polski w Szachach I LIGA 2021"]
[Site "Szklarska Poreba"]
[Date "1899-12-30"]
[Round "6.21"]
[White "Olsen, Filip Boe"]
[Black "Chylewski, Patryk"]
[Result "0-1"]
[WhiteTitle "IM"]
[BlackTitle "FM"]
[WhiteElo "2378"]
[BlackElo "2301"]

1. d4 d5 2. Nf3 e6 3. Bf4 Nf6 4. e3 c5 5. Nbd2 Nc6 6. c3 cxd4 7. exd4 Nh5 8. Be3
Bd6 9. Ne5 g6 10. g4 Ng7 11. h4 Nxe5 12. dxe5 Bxe5 13. Nf3 Bd6 14. h5 gxh5 15.
Qd4 f6 16. O-O-O Bd7 17. Bd3 Bc6 18. Bh6 e5 19. Qe3 Qe7 20. g5 Bc5 21. Qe2 e4
22. Bb5 Nf5 23. gxf6 exf3 24. Qxf3 Qxf6 25. Bxc6+ Qxc6 26. Bg5 O-O 27. Rdg1 Ng7
28. Qd3 Bxf2 29. Rg2 d4 30. Rhh2 Be3+ 31. Bxe3 dxe3 32. Rxh5 Qxg2 33. Qxh7+ Kf7
34. Rf5+ Ke6 0-1

[Event "Druzynowe Mistrzostwa Polski w Szachach I LIGA 2021"]
[Site "Szklarska Poreba"]
[Date "1899-12-30"]
[Round "6.22"]
[White "Golecki, Jan"]
[Black "Maksimenko, Andrei"]
[Result "0-1"]
[WhiteTitle "k"]
[BlackTitle "GM"]
[WhiteElo "2249"]
[BlackElo "2460"]

1. e4 e6 2. d4 d5 3. Nd2 Be7 4. Ngf3 Nf6 5. Bd3 c5 6. dxc5 O-O 7. O-O a5 8. c3
a4 9. exd5 exd5 10. Re1 Bxc5 11. Nf1 Qb6 12. Qc2 Nc6 13. Bg5 Ne4 14. Ne3 Be6 15.
Nxd5 Bxf2+ 16. Kf1 Bxd5 17. Rxe4 Bxe4 18. Bxe4 h6 19. Bxh6 gxh6 20. Qxf2 Qxf2+
21. Kxf2 Rfe8 22. Re1 Re6 23. Bxc6 bxc6 24. Rd1 Rb8 25. Rd2 c5 26. c4 Reb6 27.
b3 axb3 28. axb3 Rxb3 29. Rd5 Rc8 30. Ne5 Ra8 31. Nf3 Rc8 32. Ne5 Rc3 33. Rd6
Ra8 34. Rd2 Kg7 35. Nd7 Rd8 36. Rd5 Rc2+ 37. Kf3 Rc3+ 38. Ke2 Rxc4 39. Rxc5 Rh4
40. Ne5 Rxh2 41. Rc7 Re8 42. Rxf7+ Kg8 43. Rf5 Rxg2+ 44. Kd3 Rf8 45. Rg5+ 0-1

[Event "Druzynowe Mistrzostwa Polski w Szachach I LIGA 2021"]
[Site "Szklarska Poreba"]
[Date "1899-12-30"]
[Round "6.23"]
[White "Jakubiec, Artur"]
[Black "Rozycki, Bartlomiej"]
[Result "1-0"]
[WhiteTitle "GM"]
[BlackTitle "k++"]
[WhiteElo "2438"]
[BlackElo "2196"]

1. Nf3 d5 2. g3 c6 3. Bg2 Bg4 4. Ne5 Bf5 5. c4 Nd7 6. Nxd7 Qxd7 7. cxd5 cxd5 8.
d3 e6 9. O-O h5 10. e4 dxe4 11. dxe4 Bg6 12. Qxd7+ Kxd7 13. Rd1+ Kc8 14. Bf4 Ne7
15. b4 Nc6 16. b5 Na5 17. Nd2 Bc5 18. Rac1 b6 19. Bd6 Nb7 20. e5 Nxd6 21. Bxa8
Nxb5 22. Nb3 Kc7 23. Bf3 h4 24. a4 Na3 25. Nxc5 bxc5 26. Rxc5+ Kb6 27. Rc3 Nc2
28. Rb1+ Ka5 29. Rc5+ Ka6 30. Bb7# 1-0

[Event "Druzynowe Mistrzostwa Polski w Szachach I LIGA 2021"]
[Site "Szklarska Poreba"]
[Date "1899-12-30"]
[Round "6.24"]
[White "Moscicka, Pola"]
[Black "Kubicka, Anna"]
[Result "1/2-1/2"]
[WhiteTitle "k++"]
[BlackTitle "WIM"]
[WhiteElo "1916"]
[BlackElo "2274"]

1. d4 d6 2. c4 g6 3. Nc3 Bg7 4. e4 e5 5. Nf3 Nc6 6. Be3 exd4 7. Nxd4 Nge7 8. Be2
O-O 9. O-O f5 10. f3 fxe4 11. fxe4 Rxf1+ 12. Bxf1 Nxd4 13. Bxd4 Bxd4+ 14. Qxd4
Be6 15. Nd5 Nc6 16. Qc3 Ne5 17. Be2 c5 18. Rf1 Bxd5 19. exd5 Qg5 20. a3 b6 21.
Qc1 Qxc1 22. Rxc1 Rf8 23. Rf1 Rxf1+ 24. Kxf1 Kf7 25. Kf2 Kf6 26. b3 Kf5 27. Ke3
Nf7 28. Bd3+ Ke5 29. g4 Nh6 30. h3 Ng8 31. Bc2 Nh6 32. Bd3 Nf7 33. h4 Nh6 34.
Be2 Ng8 35. Bd3 Nf6 36. Be2 Ne8 37. Bd3 Nf6 38. Be2 h6 39. Bd1 g5 40. hxg5 hxg5
41. Bf3 Ng8 42. Be2 Nh6 43. Bd1 Nf7 44. Be2 Nd8 45. Bd1 Nb7 46. Bc2 Na5 47. Bd1
b5 48. cxb5 Kxd5 49. Bf3+ Ke5 50. b4 Nc4+ 51. Kd3 Nxa3 52. bxc5 dxc5 53. Bc6 Kd6
54. Be8 Kc7 55. Ke4 c4 56. Kd4 Kd6 57. Bf7 Nxb5+ 58. Kxc4 a6 59. Kb4 Ke5 60. Ka5
Nd6 61. Bh5 Ne4 62. Kxa6 Nf6 63. Bf7 Nxg4 64. Bc4 Ne3 65. Be2 Nf5 66. Kb6 Ng3
67. Bd1 Kf4 68. Kc5 Nf5 69. Bh5 Ng3 70. Bd1 Ke3 71. Bg4 Ne4+ 72. Kc4 Nf2 73. Bh5
Nd3 74. Kc3 Nf4 75. Bg4 Ng6 76. Kc2 Ne5 77. Bh5 Nd7 78. Bg4 Nf6 79. Bd1 Ne4 80.
Bh5 Ng3 81. Bg4 Nf1 82. Kc1 Ke4 83. Be2 Ng3 84. Kd2 Kf4 85. Bd1 Ne4+ 86. Ke1 Kg3
87. Bh5 Nf6 88. Bd1 Ng4 89. Be2 Ne5 90. Bh5 Kg2 91. Ke2 Kh3 92. Kf2 Nd3+ 93. Ke3
Kh4 94. Bd1 Nf4 95. Kf2 Kh3 96. Kf3 Nd3 97. Ke3 Ne5 98. Kf2 Nc4 99. Bh5 Nd2 100.
Ke3 Nf1+ 101. Kf2 Ng3 102. Bd1 Ne4+ 103. Ke3 Nf6 104. Kf2 Ng4+ 105. Bxg4+ Kxg4
106. Kg2 Kf4 107. Kf2 g4 108. Kg2 g3 109. Kg1 Kf3 110. Kf1 Ke4 111. Kg2 Kf4 112.
Kg1 Kg4 113. Kg2 Kh4 114. Kg1 Kh3 115. Kh1 g2+ 116. Kg1 Kg3 1/2-1/2

[Event "Druzynowe Mistrzostwa Polski w Szachach I LIGA 2021"]
[Site "Szklarska Poreba"]
[Date "1899-12-30"]
[Round "6.26"]
[White "Cyborowski, Lukasz"]
[Black "Dobrowolski, Piotr"]
[Result "1/2-1/2"]
[WhiteTitle "GM"]
[BlackTitle "IM"]
[WhiteElo "2495"]
[BlackElo "2413"]

1. Nf3 c5 2. c4 Nc6 3. Nc3 e5 4. g3 g6 5. Bg2 Bg7 6. O-O Nge7 7. Ne1 O-O 8. Nc2
d6 9. Rb1 Be6 10. Ne3 Rb8 11. d3 a6 12. b3 b5 13. Bb2 Qd7 1/2-1/2

[Event "Druzynowe Mistrzostwa Polski w Szachach I LIGA 2021"]
[Site "Szklarska Poreba"]
[Date "1899-12-30"]
[Round "6.27"]
[White "Ochedzan, Tymon"]
[Black "Protaziuk, Grzegorz"]
[Result "0-1"]
[WhiteTitle "FM"]
[BlackTitle "m"]
[WhiteElo "2300"]
[BlackElo "2333"]

1. e4 c5 2. Nf3 Nc6 3. d4 cxd4 4. Nxd4 e5 5. Nb5 d6 6. a4 Be6 7. N1c3 a6 8. Na3
Rc8 9. Bc4 Nd4 10. Nd5 Nf6 11. Bg5 Bxd5 12. Bxd5 Qa5+ 13. c3 Nxd5 14. exd5 h6
15. Qg4 Qc7 16. cxd4 hxg5 17. O-O Rh4 18. Qxg5 Rxd4 19. Rac1 Qd8 20. Qe3 Be7 21.
g3 Kf8 22. Rxc8 Qxc8 23. Rc1 Qd7 24. Nc4 Bd8 25. Qb3 g6 26. a5 Kg7 27. Rd1 Qb5
28. Qxb5 Rxd1+ 0-1

[Event "Druzynowe Mistrzostwa Polski w Szachach I LIGA 2021"]
[Site "Szklarska Poreba"]
[Date "1899-12-30"]
[Round "6.28"]
[White "Nurkiewicz, Maciej"]
[Black "Luberanski, Jakub"]
[Result "1/2-1/2"]
[WhiteTitle "m"]
[BlackTitle "FM"]
[WhiteElo "2339"]
[BlackElo "2188"]

1. e4 e5 2. Nf3 Nc6 3. Bc4 Bc5 4. b4 Bxb4 5. c3 Ba5 6. d4 d6 7. Qb3 Qd7 8. dxe5
Bb6 9. exd6 Na5 10. Qb5 Nxc4 11. Qxc4 Qxd6 12. Ba3 Be6 13. Qb5+ Qd7 14. Qxd7+
Bxd7 15. Nbd2 O-O-O 16. Nd4 Nh6 17. f3 f5 18. O-O-O Ba4 19. N2b3 fxe4 20. fxe4
Rhe8 21. Rhe1 Ng4 22. Re2 Ne5 23. Rf1 Bxb3 24. Nxb3 a5 25. Kc2 a4 26. Nc5 Nc4
27. Bb4 Re5 28. Nd3 Rh5 29. Be7 Re8 30. Rf8 Kd7 31. Rxe8 Kxe8 32. g4 Rb5 33. Bh4
Ne3+ 34. Kd2 g5 35. Bg3 Nxg4 36. e5 Rd5 37. Re4 h5 38. h3 Nh6 39. Rxa4 Nf5 40.
Be1 Kf7 41. Ke2 Ne7 42. Bd2 1/2-1/2

[Event "Druzynowe Mistrzostwa Polski w Szachach I LIGA 2021"]
[Site "Szklarska Poreba"]
[Date "1899-12-30"]
[Round "6.29"]
[White "Fudalej, Michal"]
[Black "Bartel, Michal"]
[Result "1-0"]
[WhiteTitle "FM"]
[BlackTitle "FM"]
[WhiteElo "2203"]
[BlackElo "2181"]

1. d4 c5 2. d5 e6 3. c4 exd5 4. cxd5 d6 5. Nc3 g6 6. e4 Bg7 7. Bd3 a6 8. a4 Ne7
9. h3 Nd7 10. Nf3 O-O 11. Bf4 Qc7 12. O-O h6 13. Re1 g5 14. Bh2 Ng6 15. Rc1 Nde5
16. Nxe5 Nxe5 17. Bf1 f5 18. exf5 Bxf5 19. Ne4 Qb6 20. a5 Qxb2 21. Nxd6 Nd7 22.
Re7 Bd4 23. Nxf5 Rxf5 24. Rxd7 Raf8 25. Kh1 Rxf2 26. Qd3 Bg7 27. Re1 Qf6 28. Be2
g4 29. Bg1 gxh3 30. Qxh3 Rf4 31. g3 Qc3 32. Rf1 Rxf1 33. Bxf1 Qa1 34. Bd3 Re8
35. Qf5 Qd1 36. Qf7+ 1-0

[Event "Druzynowe Mistrzostwa Polski w Szachach I LIGA 2021"]
[Site "Szklarska Poreba"]
[Date "1899-12-30"]
[Round "6.30"]
[White "Kulon, Klaudia"]
[Black "Dmochowska, Agnieszka"]
[Result "1-0"]
[WhiteTitle "IM"]
[BlackTitle "WFM"]
[WhiteElo "2332"]
[BlackElo "2091"]

1. d4 Nf6 2. Bg5 d5 3. Bxf6 exf6 4. e3 Bd6 5. Bd3 c6 6. Nd2 f5 7. h3 Be6 8. Qe2
Qf6 9. O-O-O Nd7 10. f4 O-O-O 11. g4 g5 12. Qf1 gxf4 13. exf4 Qxd4 14. gxf5 Nc5
15. fxe6 Na4 16. c3 Nxc3 17. Ne2 Nxa2+ 18. Kb1 Qxd3+ 19. Kxa2 fxe6 20. Qf3 Qa6+
21. Kb1 Rhf8 22. Qe3 Rde8 23. Nf3 e5 24. Nxe5 Bxe5 25. fxe5 Rf5 26. e6 c5 27.
Qxc5+ Kb8 28. Nd4 Re5 29. Rhf1 1-0

[Event "Druzynowe Mistrzostwa Polski w Szachach I LIGA 2021"]
[Site "Szklarska Poreba"]
[Date "1899-12-30"]
[Round "6.32"]
[White "Reza, Wojciech"]
[Black "Brozyna, Mateusz"]
[Result "1/2-1/2"]
[WhiteTitle "FM"]
[BlackTitle "FM"]
[WhiteElo "2259"]
[BlackElo "2297"]

1. c4 e5 2. Nc3 Nf6 3. Nf3 Nc6 4. e3 Bb4 5. Qc2 O-O 6. Nd5 Re8 7. Qf5 d6 8. Nxf6+
gxf6 9. Qh5 d5 10. a3 Bf8 11. cxd5 Qxd5 12. d3 Na5 13. Bd2 Nb3 14. Rd1 Nxd2 15.
Rxd2 Bg7 16. d4 Qa2 17. dxe5 Qb1+ 18. Rd1 Qxb2 19. Bd3 Qc3+ 20. Ke2 h6 21. exf6
Qxf6 22. g4 Be6 23. Rhg1 Rad8 24. g5 hxg5 25. Qh7+ Kf8 26. Nxg5 Bb3 27. Rb1 Qc3
28. Rgc1 Qe5 29. Rxb3 Qxg5 30. Qf5 Qxf5 31. Bxf5 Re5 32. e4 c6 33. Rxb7 Rb5 34.
Rxb5 cxb5 35. Rc7 Be5 36. Rxa7 Bxh2 37. Bd7 Rb8 38. Bc6 Be5 39. Bd5 f6 40. Rf7+
Ke8 41. Ke3 Ra8 42. Rb7 Rxa3+ 43. Ke2 Ra5 44. Rxb5 1/2-1/2

[Event "Druzynowe Mistrzostwa Polski w Szachach I LIGA 2021"]
[Site "Szklarska Poreba"]
[Date "1899-12-30"]
[Round "6.33"]
[White "Zochowski, Kacper"]
[Black "Plichta, Kamil"]
[Result "1/2-1/2"]
[WhiteTitle "FM"]
[BlackTitle "FM"]
[WhiteElo "2233"]
[BlackElo "2396"]

1. c4 g6 2. g3 Bg7 3. Bg2 Nf6 4. Nc3 O-O 5. e4 c5 6. Nge2 Nc6 7. O-O a6 8. a3 Rb8
9. Rb1 b5 10. cxb5 axb5 11. b4 c4 12. d3 cxd3 13. Qxd3 d6 14. f4 e5 1/2-1/2

[Event "Druzynowe Mistrzostwa Polski w Szachach I LIGA 2021"]
[Site "Szklarska Poreba"]
[Date "1899-12-30"]
[Round "6.34"]
[White "Budrewicz, Krzysztof"]
[Black "Hasterok, Mateusz"]
[Result "0-1"]
[WhiteTitle "m"]
[BlackTitle "k"]
[WhiteElo "2188"]
[BlackElo "2088"]

1. Nf3 Nf6 2. b3 d5 3. Bb2 Bg4 4. d3 e6 5. Nbd2 Nbd7 6. g3 Be7 7. Bg2 O-O 8. O-O
c6 9. e4 dxe4 10. dxe4 Qc7 11. Qe2 a5 12. a3 Rfd8 13. h3 Bh5 14. g4 Bg6 15. Ne1
Nc5 16. Rd1 e5 17. Nd3 Nxd3 18. cxd3 Nd7 19. f4 exf4 20. d4 Nf8 21. Kh1 Bf6 22.
Nf3 Re8 23. e5 Be7 24. Qc4 Ne6 25. Nd2 h5 26. gxh5 Bxh5 27. Rc1 Qd7 28. Ne4 f3
29. Bxf3 Nf4 30. Bg4 Bxg4 31. Rxf4 Be6 32. Qd3 Qd5 33. Qg3 Qxb3 34. Bc3 Bd5 35.
Rg1 Bf8 36. Kh2 Bxe4 37. Rxe4 Qc2+ 38. Qg2 Qxg2+ 39. Rxg2 Bxa3 40. Reg4 Bf8 41.
d5 cxd5 42. e6 Rxe6 43. Bxg7 Rg6 44. Rxg6 fxg6 45. Be5 Kf7 46. Rf2+ Ke6 0-1

[Event "Druzynowe Mistrzostwa Polski w Szachach I LIGA 2021"]
[Site "Szklarska Poreba"]
[Date "1899-12-30"]
[Round "6.35"]
[White "Adamczewski, Maciej"]
[Black "Renkowski, Piotr"]
[Result "0-1"]
[WhiteTitle "k"]
[BlackTitle "k+"]
[WhiteElo "2011"]
[BlackElo "2178"]

1. d4 e6 2. c4 Nf6 3. Nc3 d5 4. Nf3 c6 5. e3 a6 6. Qc2 Nbd7 7. b3 Bd6 8. Be2 O-O
9. O-O e5 10. cxd5 cxd5 11. dxe5 Nxe5 12. Bb2 Be6 13. Nxe5 Bxe5 14. Na4 Rc8 15.
Qd3 Bxb2 16. Nxb2 Ne4 17. Qd4 Qa5 18. Bd3 Qa3 19. Bxe4 dxe4 20. Nc4 Bxc4 21. bxc4
Qd3 22. Qxd3 exd3 23. Rac1 Rfd8 24. Rfd1 Kf8 25. Kf1 Rc5 26. Rc3 b5 27. Rcxd3
Rxd3 28. Rxd3 Rxc4 29. a3 Ke7 30. Ke2 Rc2+ 31. Kf3 Ke6 32. e4 Rb2 33. Kg3 f5 34.
exf5+ Kxf5 35. f3 Ke6 36. h4 Rc2 37. h5 a5 38. Kf4 Rc4+ 39. Kg5 Rc5+ 40. Kh4 b4
41. axb4 axb4 42. f4 Rb5 43. Rb3 Kd5 44. f5 Kc4 45. h6 gxh6 46. Rf3 b3 47. f6
b2 48. f7 Rb8 49. Rf1 Rf8 50. Kg4 Kc3 51. Rf3+ Kc2 52. Rf2+ Kb3 53. Rf3+ Ka2 54.
Rf2 Ka1 55. Rf1+ b1=Q 56. Kh4 Rb8 57. Rf3 0-1

[Event "Druzynowe Mistrzostwa Polski w Szachach I LIGA 2021"]
[Site "Szklarska Poreba"]
[Date "1899-12-30"]
[Round "6.36"]
[White "Dwilewicz, Katarzyna"]
[Black "Rudzinska, Michalina"]
[Result "1-0"]
[WhiteTitle "WFM"]
[BlackTitle "WFM"]
[WhiteElo "2092"]
[BlackElo "2222"]

1. e4 c5 2. Nc3 d6 3. f4 Nc6 4. Bb5 Bd7 5. Nf3 g6 6. O-O Bg7 7. d3 Nf6 8. h3 h5
9. Qe1 Nd4 10. Nxd4 cxd4 11. Bxd7+ Nxd7 12. Ne2 Qb6 13. f5 gxf5 14. exf5 Be5 15.
Bf4 Rc8 16. Qd2 Rg8 17. Kh2 Nf6 18. Bxe5 dxe5 19. c4 Kd7 20. Rae1 Rg7 21. Ng1
Rcg8 22. Nf3 Qc7 23. Nxe5+ Kc8 24. Kh1 h4 25. Rf2 Nh5 26. Kg1 Rg3 27. Qh6 Qa5
28. Ree2 Re3 29. Rxe3 dxe3 30. Qxe3 Rg3 31. Qe2 Qc5 32. Kh2 Qd6 33. Kg1 Qc5 34.
b4 Qd4 35. Qxh5 Qxe5 36. Re2 Qd4+ 37. Kh2 Rxd3 38. Qh6 Qd6+ 39. Qxd6 exd6 40.
Re4 Kd7 41. f6 Rc3 42. a4 Kc6 43. Rxh4 Rb3 44. b5+ Kb6 45. Rd4 Kc5 46. Rd5+ Kxc4
47. Rxd6 1-0

[Event "Druzynowe Mistrzostwa Polski w Szachach I LIGA 2021"]
[Site "Szklarska Poreba"]
[Date "1899-12-30"]
[Round "6.38"]
[White "Suder, Jakub"]
[Black "Pniaczek, Marek"]
[Result "1-0"]
[WhiteTitle "FM"]
[BlackTitle "CM"]
[WhiteElo "2339"]
[BlackElo "2314"]

1. c4 b6 2. d4 Bb7 3. Nc3 Nf6 4. e3 e6 5. Nf3 Bb4 6. Bd2 O-O 7. Rc1 d5 8. cxd5
exd5 9. Nb5 Bxd2+ 10. Qxd2 c5 11. Bd3 a6 12. Nc3 c4 13. Bb1 b5 14. a3 Nbd7 15.
Ne5 Nxe5 16. dxe5 Ne4 17. Qd4 Nxc3 18. Rxc3 Qe7 19. O-O Rae8 20. f4 f6 21. exf6
Rxf6 22. Rf3 a5 23. Rh3 g6 24. Rg3 b4 25. axb4 axb4 26. Rc1 Re6 27. Re1 Qg7 28.
Qd2 d4 29. Qxb4 Rxe3 30. Rgxe3 dxe3 31. Qxc4+ Kh8 32. Qc3 Qxc3 33. bxc3 Ba6 34.
g4 Rb8 35. Be4 e2 36. Kf2 Rb2 37. Ke3 Rb3 38. Kd4 Rb2 39. c4 Bc8 40. Bf3 Rb3 41.
Bxe2 Kg7 42. g5 h6 43. Bd3 hxg5 44. fxg5 Bf5 45. Bxf5 gxf5 46. Re6 f4 47. Rf6
f3 48. h4 1-0

[Event "Druzynowe Mistrzostwa Polski w Szachach I LIGA 2021"]
[Site "Szklarska Poreba"]
[Date "1899-12-30"]
[Round "6.39"]
[White "Smolka, Marcin"]
[Black "Czerw, Dawid"]
[Result "1/2-1/2"]
[WhiteTitle "k"]
[BlackTitle "FM"]
[WhiteElo "2210"]
[BlackElo "2413"]

1. e4 c5 2. Nf3 d6 3. d4 cxd4 4. Nxd4 Nf6 5. Nc3 Nc6 6. Bg5 e6 7. Bb5 Bd7 8. Qd3
Be7 9. O-O-O O-O 10. Bxc6 Bxc6 11. f4 Rc8 12. Kb1 Qa5 13. f5 Rfe8 14. Bd2 e5 15.
Nxc6 bxc6 16. Nd5 Qd8 17. Nxf6+ Bxf6 18. c4 d5 19. cxd5 cxd5 20. Qxd5 Qb6 21.
Ba5 Qa6 22. Rhe1 Bg5 23. g3 Rb8 24. Bc7 Rb5 25. Qd7 Rc8 26. h4 Bf6 27. Bd8 h6
28. Rd6 Qa3 29. Qxb5 Qxd6 30. Bxf6 Qd2 31. Qf1 Qc2+ 32. Ka1 gxf6 33. a3 Rb8 34.
Re2 Qd3 35. Qe1 Rd8 36. Qf1 Qb3 1/2-1/2

[Event "Druzynowe Mistrzostwa Polski w Szachach I LIGA 2021"]
[Site "Szklarska Poreba"]
[Date "1899-12-30"]
[Round "6.40"]
[White "Redzisz, Michal"]
[Black "Musial, Tomasz"]
[Result "1-0"]
[WhiteTitle "FM"]
[BlackTitle "k"]
[WhiteElo "2219"]
[BlackElo "2096"]

1. d4 e6 2. c4 Nf6 3. Nf3 d5 4. e3 b6 5. Nc3 Be7 6. cxd5 Nxd5 7. Be2 O-O 8. O-O
Bb7 9. Qc2 Nd7 10. Rd1 N7f6 11. Bd2 c5 12. dxc5 Bxc5 13. Nxd5 Bxd5 14. Bc3 Qe7
15. Ng5 g6 16. Bf3 Bxf3 17. Nxf3 Rac8 18. Qa4 Nd5 19. Be1 Rfd8 20. a3 a5 21. e4
Nf4 22. b4 axb4 23. axb4 Bd6 24. e5 Bxe5 25. Nxe5 Qg5 26. Rxd8+ Rxd8 27. Qc6 Qxe5
28. Qxb6 Rf8 29. Qa5 Qe4 30. f3 Qd4+ 31. Bf2 Qc4 32. b5 Ne2+ 33. Kh1 Nc1 34. b6
Nd3 35. Bg1 Qc6 36. Qa4 Qd5 37. Qd4 Rb8 38. Rd1 Qxd4 39. Bxd4 Nb4 40. Be5 Re8
41. b7 Nc6 42. Rc1 Rd8 43. Bc7 Rd7 44. b8=Q+ Nxb8 45. Bxb8 Rd5 46. Kg1 Kg7 47.
Kf2 Kf6 48. Ke3 Rb5 49. Ba7 Rb3+ 50. Ke4 g5 51. Bd4+ Kg6 52. Rc8 f6 53. Rc6 Kf7
54. Rb6 Ra3 55. Bb2 Ra2 56. Kd4 Ra5 57. Ke3 Ra4 58. Kf2 h5 59. Kg3 Rc4 60. Ba3
h4+ 61. Kf2 Rc2+ 62. Kg1 Rc3 63. Bb4 Rc1+ 64. Kf2 Rc2+ 65. Kf1 h3 66. gxh3 Rxh2
67. Rb8 e5 68. Rf8+ Ke6 69. Rh8 Kf5 70. Rh6 Ke6 71. Be1 Rc2 72. h4 Kf5 73. h5
g4 74. Bh4 gxf3 75. Rxf6+ Kg4 76. h6 Kxh4 77. h7 Rc8 78. Rh6+ Kg3 79. Rg6+ Kf4
80. Rg8 Rc1+ 81. Kf2 Rc2+ 82. Kg1 Rc1+ 83. Kh2 Rc2+ 84. Kh3 Rc1 85. Rf8+ Ke3 86.
h8=Q Rh1+ 87. Kg3 Rxh8 88. Rxh8 e4 89. Re8 f2 90. Kg2 1-0

[Event "Druzynowe Mistrzostwa Polski w Szachach I LIGA 2021"]
[Site "Szklarska Poreba"]
[Date "1899-12-30"]
[Round "6.41"]
[White "Bielczyk, Jacek"]
[Black "Galuszka, Tomasz"]
[Result "1/2-1/2"]
[WhiteTitle "IM"]
[BlackTitle "k+"]
[WhiteElo "2264"]
[BlackElo "2212"]

1. e4 c6 2. d4 d5 3. Nc3 dxe4 4. Nxe4 Bf5 5. Ng3 Bg6 6. Bc4 e6 7. N1e2 Nf6 8. O-O
Nbd7 9. f4 Nb6 10. Bd3 Bxd3 11. Qxd3 g6 12. b3 Bg7 1/2-1/2